Informative Inventory Report ... Slovak Republic : Submission under the LRTAP Convention and under the NEC Directive

Bibliographic Details
Other Authors: Jonáček, Zuzana (Editor), Kršáková, Petra (Editor)
Format: Serial
Language:English
PhysicalDescription:zv. grafy, mapy, schémy, tabuľky 30 cm
Published: Bratislava Slovak Hydrometeorogical Institute 2020-
ISBN:9788099929211 (brož. : r. 2021)
9788099929334 (brož. : r. 2022)
9788099929075 (brož. : r. 2020)
9788099929471 (brož. : r. 2023)
9788099929921 (brož. : r. 2025)
Subjects:

MARC

LEADER 00000cas a2200000 a 4500
001 vtls012140830
003 SK-MaSNL
005 20260425194330.0
008 230621c20209999xo ar 0 b0eng
015 |a SNBB2023-(r. 2020, r. 2021, r. 2022, r. 2023)  |a SNBB2025-(r. 2025) 
020 |a 9788099929211 (brož. : r. 2021) 
020 |a 9788099929334 (brož. : r. 2022) 
020 |a 9788099929075 (brož. : r. 2020) 
020 |a 9788099929471 (brož. : r. 2023) 
020 |a 9788099929921 (brož. : r. 2025) 
040 |a SVKBB  |b slo  |c SVKBB  |d SNK  |e AACR2 
041 0 |a eng 
043 |a e-xo--- 
044 |a xo  |c SK 
072 7 |a 502  |x Životné prostredie a jeho ochrana  |2 konspekt 
072 7 |a 504  |x Znečistenie a poškodenie životného prostredia  |2 konspekt 
080 |a 502/504  |2 2011 
080 |a 504.7  |2 2011 
080 |a (437.6)  |2 2011 
080 |a (058)  |2 2011 
080 |a 504.5:502.3  |2 2011 
245 0 0 |a Informative Inventory Report ...  |b Slovak Republic : Submission under the LRTAP Convention and under the NEC Directive 
246 1 3 |a Informative Inventory Report ...  |b Submission under the CLRTAP and NECD 
246 1 |i Názov v tiráži:  |a Informative Inventory Report of the Slovak Republic ... 
246 1 8 |a Informative Inventory Report ... - Slovak Republic 
260 |a Bratislava  |b Slovak Hydrometeorogical Institute  |c 2020- 
300 |a zv.  |b grafy, mapy, schémy, tabuľky  |c 30 cm 
310 |a 1x ročne 
362 0 |a 2020- 
500 |a Súčasťou názvu je označenie bežného roku 
500 |a Editor: 2020-2023, Zuzana Jonáček ; 2025, Petra Kršáková 
504 |a Obsahuje poznámky a bibliografické odkazy 
650 0 7 |a životné prostredie  |2 SNKPH  |9 786 
650 0 7 |a emisie znečisťujúcich látok  |2 SNKPH  |9 73133 
650 0 7 |a Environment  |2 SNKPHeng  |9 267078 
650 0 7 |a Air pollutant emission  |2 SNKPHeng  |9 274761 
650 0 7 |a skleníkové plyny  |2 SNKPH  |9 28934 
650 0 7 |a Greenhouse gases  |2 SNKPHeng  |9 274762 
651 7 |a Slovensko  |2 SNKPHgeo  |9 14231 
651 7 |a Slovakia  |2 SNKPHeng  |9 92630 
655 7 |a ročenky  |2 SNKPH  |9 57146 
655 7 |a Yearbooks  |2 SNKPHeng  |9 120938 
700 1 |a Jonáček, Zuzana  |4 edt  |9 274763 
700 1 |a Kršáková, Petra  |4 edt  |9 274764 
710 2 |a Slovenský hydrometeorologický ústav (Bratislava, Slovensko)  |4 pbl  |9 35159 
852 |a Štátna vedecká knižnica v Banskej Bystrici 
910 |a snk 
919 |a 978-80-99929-21-1 
919 |a 978-80-99929-33-4 
919 |a 978-80-99929-07-5 
919 |a 978-80-99929-47-1 
919 |a 978-80-99929-92-1 
999 |c 10962  |d 12892 
952 |a SNK  |b SNK  |y PREZ  |7 0  |p 17A1466067  |o snkČSB 7799/2022  |i snk2023/9051  |8 0  |z Poskytuje údaje za r. 1990-2020  |0 0  |1 0  |4 0  |d 2023-06-07  |l 0  |r 2026-02-21 19:29:39  |w 2026-02-21 
952 |a SNK  |b SNK  |y PREZ  |7 0  |p 17A1466066  |o snkČSB 7799/2021  |i snk2023/9047  |8 0  |z Poskytuje údaje od r. 1990-2019  |0 0  |1 0  |4 0  |d 2023-06-06  |l 0  |r 2026-02-21 19:29:50  |w 2026-02-21 
952 |a SNK  |b SNK  |y PREZ  |7 0  |p 17A1520788  |o snkČSB 7799/2020  |i snk2023/10419  |8 0  |z Poskytuje údaje od r. 1990-2018  |0 0  |1 0  |4 0  |d 2023-07-04  |l 0  |r 2026-02-21 19:47:33  |w 2026-02-21 
952 |a SNK  |b SNK  |y PREZ  |7 0  |p 17A1520789  |o snkČSB 7799/2020 D1  |i snk2023/10421  |8 0  |z Poskytuje údaje od r. 1990-2018  |0 0  |1 0  |4 0  |d 2023-07-04  |l 0  |r 2026-02-21 19:47:33  |w 2026-02-21 
952 |a SNK  |b SNK  |y PREZ  |7 0  |p 17A1520791  |o snkČSB 7799/2023  |i snk2023/10612  |8 0  |z Poskytuje údaje za r. 1990-2021  |0 0  |1 0  |4 0  |d 2023-07-10  |l 0  |r 2026-02-21 19:48:28  |w 2026-02-21 
952 |a SNK  |b SNK  |y PREZ  |7 0  |p 17A1556482  |o snkČSB 7799/2025  |i snk2025/17896  |8 0  |z Poskytuje údaje za r. 1990-2023  |0 0  |1 0  |4 0  |d 2025-11-10  |l 0  |r 2026-02-21 20:03:57  |w 2026-02-21